Riego por gravedad /

Contenido: 1) Adelantos de la agricultura bajo riego; 2) Situación actual de riego en Colombia; 3) Relaciones agua-planta; 4) Principios básicos del riego; 5) Hidráulica del riego por superficie; 6) Métodos de balance de volúmenes de agua para el diseño y evaluación de sistemas de riego superficiale...

Descripció completa

Guardat en:
Dades bibliogràfiques
Autor principal: Díaz Ortiz, Jaime Ernesto (autor)
Format: Llibre
Idioma:espanyol
Publicat: Cali, Colombia : Universidad del Valle, 2006, c2006
Matèries:
Etiquetes: Afegir etiqueta
Sense etiquetes, Sigues el primer a etiquetar aquest registre!

MARC

LEADER 00000nam^a2200000^a^4500
001 000296075
005 20250521000000.0
009 20260310112257.685
020 |a 978-958-670-539-4 
037 |a Acervo ITESO - Biblioteca 
041 |a ESP 
082 |a 627. 52  |b DIA 
100 |a Díaz Ortiz, Jaime Ernesto  |e (autor) 
245 1 0 |a Riego por gravedad /  |c J.E. Díaz Ortiz. 
264 4 |a Cali, Colombia :  |b Universidad del Valle,  |c 2006, c2006 
300 |a 195 p. 
336 |a texto  |b txt  |2 rdacontenido 
337 |a sin mediación  |b n  |2 rdamedio 
338 |a volumen  |b nc  |2 rdasoporte 
520 |a Contenido: 1) Adelantos de la agricultura bajo riego; 2) Situación actual de riego en Colombia; 3) Relaciones agua-planta; 4) Principios básicos del riego; 5) Hidráulica del riego por superficie; 6) Métodos de balance de volúmenes de agua para el diseño y evaluación de sistemas de riego superficiales; 7) Riego por superficie para suelos salino-sódicos; 8) Indicadores para la evaluación de sistemas de riego; 9) Evaluación del impacto de la transferencia de distritos de riego en Colombia; 10) Conceptos metodológicos de impacto ambiental en proyectos de riego y drenaje. 
649 |a XX 
650 |a Agua de Riego 
650 |a Irrigación Agrícola -  |z Colombia -  |x Tema Principal 
650 |a Sistemas de Riego -  |x Tema Principal 
650 |a Impacto Ambiental 
650 |a Agricultura 
650 |a Ingeniería Agrícola 
910 |a Fondo General 
920 |a Impresos - Libros 
930 |a Colección General 
905 |a 101 
901 |a 0500181670  |b IT1  |c ACC  |i C121683  |u 20250521 
902 |a https://opac.biblio.iteso.mx/vufind/Record/000296075